تنہائی کا سا ز (Record no. 149204)

MARC details
000 -LEADER
fixed length control field 00696nam a22001937a 4500
005 - DATE AND TIME OF LATEST TRANSACTION
control field 20180113152334.0
010 ## - LCCN (DPL NO)
LC control number UR-10019
020 ## - INTERNATIONAL STANDARD BOOK NUMBER
Terms of availability 300.00
International Standard Book Number -
035 ## - SYSTEM CONTROL NUMBER
System control number U-8574
037 ## - SOURCE OF ACQUISITION
Source of stock number/acquisition DBAD/PUB
100 ## - MAIN ENTRY--PERSONAL NAME
Personal name ا طیب ا عجا ز
245 ## - TITLE STATEMENT
Title تنہائی کا سا ز
Statement of responsibility, etc ا طیب ا عجا ز
246 ## - VARYING FORM OF TITLE
Remainder of title Tanhai ka Saaz
Title proper/short title by Atiyab Ayjaz
260 ## - PUBLICATION, DISTRIBUTION, ETC. (IMPRINT)
Place of publication, distribution, etc Haiderabad
Name of publisher, distributor, etc Atiyab Publishing House
Date of publication, distribution, etc 2015
270 ## - ADDRESS
Address 9-10-241,Risala Bazar,Qila Golecunda
City Hyderabad
Postal code 500008
Telephone number 9949204759
Fax number -
300 ## - PHYSICAL DESCRIPTION
Extent 188 ص
Dimensions 22 Cm.(B.b)
500 ## - GENERAL NOTE
General note دو حصہ
942 ## - ADDED ENTRY ELEMENTS (KOHA)
Source of classification or shelving scheme Dewey Decimal Classification
Item type Urdu Bks
Classification part 841
Call number suffix ا ط ی
Holdings
Withdrawn status Lost status Not for loan Collection code Home library Current library Date acquired Source of acquisition Cost, normal purchase price Full call number Barcode Copy number Cost, replacement price Koha item type
    Not For Loan Non-fiction D.B.Act.Division D.B.Act.Division 13/01/2018 DBAD/PUB. 300.00 841 ا ط ی U-8574 1 300.00 Urdu Bks

© Delhi Public Library
Hit Counter
free hit counter